Pays qui consomment le plus de pain - Statistiques

Statistiques générales
  • Ce quiz a été pris 246 fois
  • Le résultat moyen est 4 sur 12
Statistiques - réponses
Classement Pain Consommé Reponse % Correct
12ème 52,1 kg France
100%
1er 199,6 kg Turquie
43%
8ème 70,9 kg Portugal
41%
11ème 70 kg Grèce
39%
9ème 70,6 kg Pologne
35%
7ème 72 kg Argentine
31%
4ème 88 kg Ukraine
31%
3ème 131,1 kg Bulgarie
24%
2ème 135 kg Serbie
22%
6ème 72,1 kg Tunisie
22%
10ème 70,3 kg Danemark
18%
5ème 74 kg Chypre
11%
Aucun quiz correspondant
Distribution des résultats
% des personnes avec chaque résultat
Percentile par nombre de réponses
Votre historique - résultats
Vous n’avez pas pris ce quiz